00679cam a22002173a 450000100060000000300060000600500170001200800410002904000150007004200070008505000090009210000310010124501350013226000290026750600300029651600200032665300210034665300230036783000290039085600420041926799PGUSA20140828083558.0081007s2008||||xxu|||||s|||||000 | eng d aPGUSAbeng adc 4aE0111 aBiggs, William,d1755-182710aNarrative of the Captivity of William Biggs among the Kickapoo Indians in Illinois in 1788h[electronic resource] /cWilliam Biggs bProject Gutenberg,c2008 aPublic domain in the USA. aElectronic text aKickapoo Indians aIndian captivities 0aProject Gutenbergv2679940uhttp://www.gutenberg.org/ebooks/26799